Invariant imbedding and its applications to ordinary differential equations : an introduction /

Guardado en:
Autor Principal: Scott, Melvin R., 1942-
Formato: Libro
Idioma:English
Publicado: Reading, Mass. : Addison-Wesley, Advanced Book Program, 1973.
Series:Applied mathematics and computation ; no. 1
Materias:
Etiquetas: Agregar Etiqueta
Sin Etiquetas, Sea el primero en etiquetar este registro!
LEADER 00936cam a2200253 a 4500
001 MAT.inmabb003164
008 730320s1973####maua#####b####001#0#eng##
005 20160602161726.0
245 1 0 |a Invariant imbedding and its applications to ordinary differential equations :  |b an introduction /  |c Melvin R. Scott. 
260 |a Reading, Mass. :  |b Addison-Wesley, Advanced Book Program,  |c 1973. 
300 |a xvii, 215 p. :  |b il. ;  |c 25 cm. 
490 0 |a Applied mathematics and computation ;  |v no. 1 
504 |a Incluye referencias bibliográficas. 
510 4 |a MR,  |c 50 #3593 
020 |a 0201068443 
020 |a 0201068451 (pbk.) 
100 1 |a Scott, Melvin R.,  |d 1942- 
650 0 |a Differential equations  |x Numerical solutions. 
650 0 |a Boundary value problems  |x Numerical solutions. 
650 0 |a Invariant imbedding. 
084 |a 65L99  |2 MR 
010 |a  73004792  
040 |a DLC  |c DLC  |d DLC 
859 |h 65  |i Sc425  |p A-4754  |b BIB. MATEMATICA